LEADER 01069cam2 22002771 450 001 SOBE00061701 005 20190326161309.0 100 $a20190326d1919 |||||ita|0103 ba 101 $aita 102 $aIT 200 0 $a6$fcompilato dai professori Alessandro D'Ancona e Orazio Bacci 205 $aNuova edizione interamente rifatta, 4. tiratura 210 $aFirenze$cBarbčra$d1919 215 $a561 p.$d20 cm 461 1$1001E600200035599$12001 $aManuale della letteratura italiana / compilato dai professori Alessandro D'Ancona e Orazio Bacci$v6 700 1$aD'Ancona$b, Alessandro <[1835-1914]>$3AF00014697$4070$0144397 701 1$aBacci, Orazio <[1864-1917]>$3A600200027698$4070$0164846 801 0$aIT$bUNISOB$c20190326$gRICA 850 $aUNISOB 852 $aUNISOB$j850$m4171 912 $aSOBE00061701 940 $aM 102 Monografia moderna SBN 941 $aW 957 $a850$b003395$i-6.1$gSI$d4171$racquisto$tO$1menle$2UNISOB$3UNISOB$420190326160924.0$520190326161309.0$6menle$fRilegato con: 850/3395,6.2 996 $a6$91728574 997 $aUNISOB